000 00707cab a2200205 4500
001 WB3503-22
008 090401t1999 xxu||||| |||| 00| 0 eng d
035 _a(Sirsi) u90732
041 _aeng
245 _aNew pilot `Infoshop` scheme
260 _c1999
350 _a0
490 _aCabinet Office News Release
_v(CAB 06/99) 13 January 1999, (3)
520 _aA number of local authorities are participating in a pilot scheme funded by the Invest to Save Budget programme offering advise to the general public and business community on a range of regulatory issues.
650 _aADVICE CENTRES
650 _aONE-STOP SHOPS
690 _aECONOMIC AND SOCIAL
942 _n0
948 _c15/01/1999
999 _c57534
_d57534